000 00847cgm a2200217 4500
001 B3198
008 090401t1986 xxu||||| |||| 00| 0 eng d
035 _a(Sirsi) u54654
041 _aeng
050 _a346.4104343
100 _aShapiro, Eric F.
245 _aService charges and sinking funds (sound recording)
260 _aLondon
_bRoyal Institution of Chartered Surveyors
_c1986
300 _a1 sound cassette (60 min.)
350 _a10
490 _aOwlion Audio Programme
520 _aPublished jointly with the College of Estate Management . Funds are matters that concern all those who are responsible for the management of property. In this programme Eric Shapiro looks at those particular aspects of the subject that if neglected prove difficult to handle.
650 _aAUDIO CASSETTES
942 _n0
948 _c04/03/1997
999 _c85289
_d85289